LEADER 01126nam2 22002651i 450 001 UON00505990 005 20231205105436.82 100 $a20210913d1977 |0itac50 ba 101 $apor 102 $aPT 105 $a|||| 1|||| 200 1 $aˆA ‰mocidade e os princípios, 1889-1928$eestudo biográfico$fFranco Nogueira 210 $aCoimbra$cAtlântida$d1977 215 $aXII, 339 p., [1] c. di tav.$cill.$d22 cm 461 1$1001UON00505989$12001 $aSalazar$fFranco Nogueira$1210 $aCoimbra$cAtla?ntida$d1977-$1215 $av.$d22 cm$v1 606 $aSALAZAR ANTÓNIO DE OLIVEIRA$3UONC085644$2FI 620 $aPT$dCoimbra$3UONL002407 676 $a320.5092$cTEORIE E IDEOLOGIE POLITICHE. Persone$v21 700 1$aNOGUEIRA$bFRANCO$3UONV285584$0835547 801 $aIT$bSOL$c20240220$gRICA 899 $aSIBA - SISTEMA BIBLIOTECARIO DI ATENEO$2UONSI 912 $aUON00505990 950 $aSIBA - SISTEMA BIBLIOTECARIO DI ATENEO$dSI Port STO 003 a $eSI LO 21874 5 003 a 996 $aMocidade e os princípios, 1889-1928$91867599 997 $aUNIOR LEADER 02249ngm 2200469 a 450 001 9910909156303321 035 $a(CKB)3780000000053016 035 $a(UkLoHST)2541 035 $a(UkLoHST)HST3351_1_2 035 $a(UkLoHST)HS-3351_1_2 035 $a(EXLCZ)993780000000053016 071 50$a3351$bHenry Stewart Talks 100 $a20130716d2013 || v 101 0 $aeng 135 $aurcna|||a|||| 182 $cc$2rdamedia 183 $acr$2rdacarrier 200 10$aGene-environment interactions in complex disease /$fPaul Franks 210 $aLondon $cHenry Stewart Talks$d2013 215 $a1 online resource (1 streaming video file (29 min.) $ccolor, sound) 225 1 $aDiabetes in perspective,$x2056-452X 300 $aAnimated audio-visual presentation with synchronized narration. 300 $aTitle from title frames. 327 $aContents: Definition of gene-environment interaction -- Examples of interactions and rationale -- Why do we think gene x environment interactions might exist for complex, multifactorial traits? -- How might gene x environment interactions be detected? -- Limitations of many existing studies of gene x environment interactions -- Gene x lifestyle interaction on type 2 diabetes incidence -- Genotype-based recall randomized clinical trials -- What are the likely mechanisms underlying gene x environment interactions?. 410 0$aHenry Stewart talks.$pBiomedical & life sciences collection.$pDiabetes in perspective. 606 $aGenotype-environment interaction 606 $aType 2 diabetes$xGenetic aspects 606 $aDiabetes Mellitus, Type 2$xgenetics 606 $aGene-Environment Interaction 606 $aGenetic Predisposition to Disease$xgenetics 615 0$aGenotype-environment interaction. 615 0$aType 2 diabetes$xGenetic aspects. 615 2$aDiabetes Mellitus, Type 2$xgenetics. 615 2$aGene-Environment Interaction. 615 2$aGenetic Predisposition to Disease$xgenetics. 700 $aFranks$b Paul$p(Lund University, Sweden)$4spk$01776650 801 0$bUkLoHST 801 1$bUkLoHST 906 $aVIDEO 912 $a9910909156303321 996 $aGene-environment interactions in complex disease$94295106 997 $aUNINA